|
|
|
|
| LEADER |
00745nam a2200217Ia 4500 |
| 001 |
CTU_91788 |
| 008 |
210402s9999 xx 000 0 und d |
| 020 |
|
|
|c 69000
|
| 082 |
|
|
|a 801
|
| 082 |
|
|
|b Tr513
|
| 110 |
|
|
|a Trung Tâm văn hoá ngôn ngữ Đông Tây
|
| 245 |
|
0 |
|a Văn học hậu hiện đại thế giới :
|
| 245 |
|
0 |
|b Những vấn đề lý thuyết
|
| 245 |
|
0 |
|c Đào Tuấn Ảnh, Lại Nguyên Ân, Nguyễn Thị Hoài Thanh biên soạn
|
| 260 |
|
|
|a Hà Nội
|
| 260 |
|
|
|b Hội nhà văn
|
| 260 |
|
|
|c 2003
|
| 650 |
|
|
|a Literature,Literature
|
| 650 |
|
|
|x History and criticism,Philosophy
|
| 904 |
|
|
|i Năm
|
| 980 |
|
|
|a Trung tâm Học liệu Trường Đại học Cần Thơ
|